000 00521cam a22001457a 4500
008 180718b2004 xxu||||| |||| 00| 0 eng d
100 _aGoodwin, Barry K.
245 _aRisk modeling concepts relating to the design and rating of agricultural insurance contracts
_cby Barry K. Goodwin and Olivier Mahul
260 _aWashington, D.C.
_bWorld Bank
_c2004
300 _a37p.
440 _aPolicy research working paper; no. 3392
650 _aRisk (Insurance
650 _aAgricultural insurance
700 _aMahul, Olivier
999 _c291638
_d291638